000 01130nam a22002657a 4500
005 20170124103158.0
010 _aA-972599
020 _c30.00
035 _aA-972599
037 _bCen Lib/Ret
040 _aDPL
_bHN
082 _a649
_bवर्माउ
100 _aवर्मा, उषाराय
_990491
245 _aबेबी हेल्थ गाइड /
_bउषाराय वर्मा
246 _aBaby health guide /
_bby Ush Rai Verma
260 _aनयी दिल्ली
_bडायमंड पॉकेट बुक्स
_c1999
270 _aX-30, ओखला इंडस्ट्रियल एरिया, फेज-2
_bनयी दिल्ली
_e110002
300 _a123पृ. :
_c21सेमी(सजिल्द)
_bसचित्र
500 _aअनुक्रमणिका शामिल
650 _aशिशु आहार
_91541
650 _aबच्चों का पालन-पोषण
_990492
650 _aBaby Food
_990493
650 _aChildren raised
_990494
942 _2ddc
_cHN
_h649
_mवर्माउ
999 _c120452
_d120452